Štúdium štruktúry zvarových spojov bimetalu Cu-Al pripraveného výbuchom pomocou SEM a rtg. mikroanalýzy

Gespeichert in:
Bibliographische Detailangaben
1. Verfasser: Zifčák, Miroslav (Verfasst von)
Weitere Verfasser: Lokaj, Ján (Betreuung Doktorarbeit)
Format: Manuskript Buch
Sprache:Slowakisch
Veröffentlicht: 2019
Schlagworte:
Online-Zugang:http://is.stuba.sk/zp/portal_zp.pl?podrobnosti=139565
Tags: Tag hinzufügen
Keine Tags, Fügen Sie das erste Tag hinzu!

MARC

LEADER 00000ntm a22000003a 4500
001 stuzp73950
003 SK-STU
005 20190622211439.6
007 ta
008 150427s2015----xo-----f-mn---000-0-slo-d
040 |a STU  |b slo 
041 0 |a slo 
100 1 |a Zifčák, Miroslav  |u 061000  |4 aut  |U MTF Materiálovotechnologická fakulta  |T MTF Ústav materiálov  |X 88348  |U M1000  |Y 81  |7 88348 
242 0 1 |a The study of Cu-Al bimetal structure explosively welded by means of SEM and X-ray microanalysis  |y eng 
245 1 0 |a Štúdium štruktúry zvarových spojov bimetalu Cu-Al pripraveného výbuchom pomocou SEM a rtg. mikroanalýzy 
260 |c 2019 
650 4 |a zváranie výbuchom  |2 slo 
650 4 |a bimetal  |2 slo 
650 4 |a rtg. mikroanalýza  |2 slo 
650 4 |a explosion welding  |2 eng 
650 4 |a bimetal  |2 eng 
650 4 |a EPMA  |2 eng 
700 1 |a Lokaj, Ján  |u 061000  |k Z1  |4 ths  |U MTF Materiálovotechnologická fakulta  |T MTF Ústav materiálov  |X 3299  |U M1000  |Y 81  |7 A000003299 
856 4 |u http://is.stuba.sk/zp/portal_zp.pl?podrobnosti=139565 
996 |c M* BP-8510  |l MMSKP  |s P  |a 0  |w stuzp73950_0001